000 003340000a22001570004500
001 003069
003 MACL
040 _aMACL
090 _c15062
_d15061
100 _aSondhi, M.L.
245 _aHinduism's Human Face
_cM.L. Sondhi
260 _aManak Publications,
_c2002
350 _a700
650 _aReligion
942 _k295
_cBook
999 _c14975
_d14975